[Event "South America-ch"]
[Site "Lima"]
[Date "2023.09.21"]
[Round "8"]
[White "Bravo Mallco, Kate Azumi"]
[Black "Principe, Gerson"]
[Result "1/2-1/2"]
[WhiteElo "1946"]
[BlackElo "2213"]
[PlyCount "83"]
[EventDate "2023.09.14"]
[EventType "swiss"]
[EventRounds "9"]
[EventCountry "PER"]
[SourceTitle "CBM 216 Extra"]
[Source "ChessBase"]
[SourceDate "2023.11.30"]
[SourceVersion "1"]
[SourceVersionDate "2023.11.30"]
[SourceQuality "1"]

1. e4 c5 2. Nf3 e6 3. d4 cxd4 4. Nxd4 Nf6 5. Nc3 Nc6 6. a3 Be7 7. Be3 0-0 8. f3 d5 9. exd5 exd5 10. Qd2 Be6 11. 0-0-0 Rc8 12. g4 Nxd4 13. Bxd4 a6 14. Kb1 Qc7 15. h4 b5 16. h5 Nd7 17. f4 Bxg4 18. Nxd5 Qd6 19. Nxe7+ Qxe7 20. Rg1 f5 21. Be2 Nf6 22. Bxf6 Qxf6 23. Bxg4 fxg4 24. Rxg4 Rcd8 25. Qe1 Rxd1+ 26. Qxd1 Qe6 27. Qg1 Rf7 28. Rg5 Qd6 29. f5 Re7 30. Qg2 Kf8 31. Rg3 Qf6 32. Rc3 Re1+ 33. Ka2 Qf7+ 34. b3 Re8 35. Qc6 Qxh5 36. f6 Qe5 37. Rf3 gxf6 38. Rxf6+ Kg7 39. Rf2 Qe6 40. Rg2+ Kh8 41. Qb7 Qf6 42. Qd7 1/2-1/2

[Event "South America-ch"]
[Site "Lima"]
[Date "2023.09.19"]
[Round "6"]
[White "Bravo Mallco, Kate Azumi"]
[Black "Fernandez Monteza, Fabian Arturo"]
[Result "1/2-1/2"]
[WhiteElo "1946"]
[BlackElo "1349"]
[PlyCount "84"]
[EventDate "2023.09.14"]
[EventType "swiss"]
[EventRounds "9"]
[EventCountry "PER"]
[SourceTitle "CBM 216 Extra"]
[Source "ChessBase"]
[SourceDate "2023.11.30"]
[SourceVersion "1"]
[SourceVersionDate "2023.11.30"]
[SourceQuality "1"]

1. e4 c5 2. Nf3 d6 3. d4 cxd4 4. Nxd4 Nf6 5. f3 Nc6 6. c4 e6 7. Nc3 Be7 8. Be3 a6 9. Be2 0-0 10. 0-0 Bd7 11. Qd2 Qc7 12. Rac1 Rac8 13. Nd5 exd5 14. cxd5 Nxd4 15. Rxc7 Nxe2+ 16. Qxe2 Rxc7 17. Bb6 Rcc8 18. Qd2 Bb5 19. Re1 Bd8 20. Bd4 Nd7 21. Qf4 Bc7 22. Qg3 f6 23. b3 Ne5 24. a4 Bd7 25. f4 Ng6 26. h4 Ne7 27. f5 b5 28. h5 h6 29. Be3 Kh8 30. Bf4 Rce8 31. Rc1 Rc8 32. Rb1 Rfd8 33. Bxd6 Nxf5 34. exf5 Bxd6 35. Qxd6 Bxf5 36. Qxa6 Bxb1 37. Qxb5 Be4 38. b4 Bxd5 39. Qb6 Rb8 40. Qc5 Rbc8 41. Qb6 Rb8 42. Qc5 Rbc8 1/2-1/2

[Event "South America-ch"]
[Site "Lima"]
[Date "2023.09.17"]
[Round "4"]
[White "Bravo Mallco, Kate Azumi"]
[Black "Quirhuayo Chumbe, German Gonzalo"]
[Result "0-1"]
[WhiteElo "1946"]
[BlackElo "2278"]
[PlyCount "68"]
[EventDate "2023.09.14"]
[EventType "swiss"]
[EventRounds "9"]
[EventCountry "PER"]
[SourceTitle "CBM 216 Extra"]
[Source "ChessBase"]
[SourceDate "2023.11.30"]
[SourceVersion "1"]
[SourceVersionDate "2023.11.30"]
[SourceQuality "1"]

1. e4 c5 2. Nf3 d6 3. d4 Nf6 4. Nc3 cxd4 5. Nxd4 e6 6. g4 h6 7. h4 Nc6 8. Rg1 d5 9. exd5 Nxd5 10. Nxd5 exd5 11. Be3 Be7 12. Qd2 Bxh4 13. 0-0-0 0-0 14. Nxc6 bxc6 15. Bd3 Re8 16. g5 h5 17. Bf4 Qb6 18. Rg2 Bg4 19. Rdg1 c5 20. Be3 Rxe3 21. Qxe3 c4 22. Qxb6 axb6 23. Be2 Bxe2 24. Rh2 c3 25. bxc3 Ra4 26. f4 Bg4 27. Rxh4 Rxf4 28. Kb2 Kh7 29. Rh2 Kg6 30. Rd2 Bf3 31. Rf2 Rg4 32. Rgf1 Bg2 33. Rg1 Be4 34. Rgf1 h4 0-1